[Event "FIDE GP"]
[Site "Dubai"]
[Date "2002.04.03"]
[Round "1.3"]
[White "Svidler, Peter"]
[Black "Short, Nigel D"]
[Result "1-0"]
[WhiteElo "2688"]
[BlackElo "2663"]
[PlyCount "63"]
[EventDate "2002.04.03"]
[Source "ChessBase"]
[SourceDate "2002.08.12"]

1. e4 e6 2. d4 d5 3. Nc3 Nf6 4. Bg5 Be7 5. e5 Nfd7 6. Bxe7 Qxe7 7. f4 a6 8. Nf3 c5 9. Qd2 Nc6 10. dxc5 Qxc5 11. Bd3 b5 12. a3 Bb7 13. Ne2 O-O 14. Ned4 Nxd4 15. Nxd4 Rae8 16. Qe3 f6 17. O-O-O fxe5 18. fxe5 Qe7 19. h4 b4 20. axb4 Qxb4 21. h5 Nc5 22. Bg6 Re7 23. Rdf1 Rxf1+ 24. Rxf1 Na4 25. Nb3 hxg6 26. hxg6 Qh4 27. Qf3 Qg5+ 28. Nd2 Qf5 29. Qg3 Qh5 30. Qf4 Qf5 31. Qh4 Qxe5 32. Qh7# 1-0

[Event "Thessaloniki ol (Men)"]
[Site "Thessaloniki GRE"]
[Date "1988.??.??"]
[Round "8"]
[White "Short, Nigel D"]
[Black "Korchnoi, Viktor L"]
[Result "1-0"]
[WhiteElo "2630"]
[BlackElo "2640"]
[PlyCount "133"]
[EventDate "1988.11.??"]
[Source "www.chesslib.no"]
[SourceDate "2004.05.04"]

1. e4 e6 2. d4 d5 3. Nc3 Nf6 4. Bg5 Be7 5. e5 Nfd7 6. Bxe7 Qxe7 7. f4 O-O 8. Nf3 c5 9. Qd2 Nc6 10. O-O-O a6 11. dxc5 Nxc5 12. Qe3 b5 13. Kb1 b4 14. Ne2 Ne4 15. Ng3 Qc5 16. Qxc5 Nxc5 17. Bd3 a5 18. Rhe1 Ba6 19. Bxa6 Rxa6 20. h4 Ne7 21. h5 f5 22. exf6 Rxf6 23. Ne2 Nf5 24. g4 Ne3 25. g5 Rf8 26. Rd4 Ne4 27. Ne5 Ra7 28. Rd3 Ng2 29. Rf1 Nxg5 30. Rf2 Ne1 31. Rd1 Ne4 32. Rh2 Nxc2 33. Kxc2 a4 34. Rc1 a3 35. b3 Rc7+ 36. Kd1 Rxc1+ 37. Kxc1 Rc8+ 38. Kd1 Kf8 39. Nd3 Rb8 40. Nd4 Nc3+ 41. Ke1 Rb6 42. Rg2 Kf7 43. Ne5+ Kg8 44. Rc2 h6 45. Ne2 d4 46. Nxd4 Rd6 47. Ne2 Rd1+ 48. Kf2 Ne4+ 49. Kf3 Nf6 50. Ng3 Kh7 51. Rc8 Rd2 52. Ng6 Nxh5 53. Nf8+ Kg8 54. Nxh5 Kf7 55. Rc7+ Kxf8 56. Nxg7 Rxa2 57. Nxe6+ Kg8 58. f5 Ra1 59. Ra7 h5 60. Ke2 Ra2+ 61. Ke3 Ra1 62. Kf2 Ra2+ 63. Kg3 Ra1 64. f6 Rf1 65. Nf4 h4+ 66. Kg4 Kf8 67. Re7 1-0

[Event "Ohrid 82/272"]
[Site "?"]
[Date "2001.??.??"]
[Round "?"]
[White "Sutovsky, E."]
[Black "Sakaev, K."]
[Result "1-0"]
[WhiteElo "2604"]
[BlackElo "2637"]
[PlyCount "125"]
[EventDate "2001.??.??"]
[Source "Chess Informant"]
[SourceDate "2001.06.01"]

1. e4 e6 2. d4 d5 3. Nc3 Nf6 4. Bg5 Be7 5. e5 Nfd7 6. Bxe7 Qxe7 7. f4 a6 8. Nf3 c5 9. dxc5 Nc6 10. Bd3 Qxc5 11. Qd2 b5 12. h4 Nb6 13. h5 h6 14. Qf2 Qxf2+ 15. Kxf2 O-O 16. g4 f6 17. exf6 gxf6 18. Nh4 e5 19. Bg6 exf4 20. Ne2 Ne5 21. Nxf4 Nxg4+ 22. Kg3 Ne5 23. Nf5 Bxf5 24. Bxf5 Kf7 25. Be6+ Ke7 26. Rad1 Rad8 27. Rhe1 Rd6 28. Bf5 Rg8+ 29. Ng6+ Kf7 30. Kf4 Nbd7 31. Bxd7 Rxd7 32. Rxe5 fxe5+ 33. Nxe5+ Ke6 34. Nxd7 Kxd7 35. Rxd5+ Ke6 36. Rc5 Kd6 37. b4 Rg2 38. a3 Rf2+ 39. Ke4 Rh2 40. Kd4 Rh3 41. a4 bxa4 42. Kc4 Rh4+ 43. Kc3 Rh3+ 44. Kc4 Rh4+ 45. Kc3 Rh3+ 46. Kb2 a3+ 47. Ka2 Rg3 48. Ra5 Kc6 49. Rxa3 Rg2 50. Kb3 Kb6 51. Ra5 Rf2 52. Re5 Rf6 53. c3 Rd6 54. Re8 a5 55. Rg8 Rd5 56. Rg6+ Kc7 57. Rxh6 axb4 58. Kxb4 Rg5 59. Rh8 Kb6 60. h6 Rg4+ 61. c4 Rh4 62. h7 Kb7 63. Kb5 1-0

[Event "EU-ch 2nd"]
[Site "Ohrid"]
[Date "2001.06.06"]
[Round "6"]
[White "Iordachescu, Viorel"]
[Black "Sakaev, Konstantin"]
[Result "1/2-1/2"]
[WhiteElo "2589"]
[BlackElo "2637"]
[PlyCount "27"]
[EventDate "2001.06.01"]
[Source "ChessBase"]
[SourceDate "2001.09.13"]

1. e4 e6 2. d4 d5 3. Nc3 Nf6 4. Bg5 Be7 5. e5 Nfd7 6. Bxe7 Qxe7 7. f4 a6 8. Nf3 c5 9. dxc5 Nc6 10. Qd2 Nxc5 11. O-O-O b5 12. Bd3 b4 13. Ne2 a5 14. Ned4 1/2-1/2

[Event "Hastings"]
[Site "Hastings Hastings"]
[Date "1988.??.??"]
[Round "?"]
[White "Short, Nigel D"]
[Black "Gulko, Boris F"]
[Result "1-0"]
[WhiteElo "2630"]
[BlackElo "2590"]
[PlyCount "57"]
[EventDate "1988.??.??"]
[Source "www.chesslib.no"]
[SourceDate "2004.05.04"]

1. e4 e6 2. d4 d5 3. Nc3 Nf6 4. Bg5 Be7 5. e5 Nfd7 6. Bxe7 Qxe7 7. f4 O-O 8. Nf3 c5 9. Qd2 Nc6 10. O-O-O cxd4 11. Nxd4 Nb6 12. Qe3 Qc5 13. h4 Bd7 14. Rh3 Rac8 15. Rg3 Nxd4 16. Rxd4 Qe7 17. h5 f5 18. Rg5 Bc6 19. Bd3 Rce8 20. Ne2 Nd7 21. Qg3 Kh8 22. h6 Nf6 23. b4 Ng8 24. Bxf5 Rf6 25. Rg6 Rf7 26. Rg5 Qd7 27. Kb2 a6 28. b5 axb5 29. c4 1-0

[Event "Geneve"]
[Site "?"]
[Date "2004.??.??"]
[Round "?"]
[White "Almasi, Z."]
[Black "Riazantsev, A."]
[Result "0-1"]
[WhiteElo "2630"]
[BlackElo "2575"]
[PlyCount "80"]
[EventDate "2004.??.??"]
[Source "Chess Informant"]
[SourceDate "2004.02.01"]

1. e4 e6 2. d4 d5 3. Nc3 Nf6 4. Bg5 Be7 5. e5 Nfd7 6. Bxe7 Qxe7 7. f4 O-O 8. Nf3 c5 9. Qd2 Nc6 10. dxc5 Nxc5 11. O-O-O f6 12. exf6 Qxf6 13. g3 Rd8 14. Nb5 Bd7 15. Qe3 Ne4 16. Kb1 a6 17. Nbd4 Be8 18. Bd3 Nxd4 19. Nxd4 e5 20. fxe5 Qxe5 21. Ka1 Bg6 22. Rhe1 Re8 23. Nf3 Qe6 24. Qd4 b5 25. Re3 Kh8 26. Rde1 h6 27. c3 Rad8 28. Nh4 Bh7 29. Ng2 Qe5 30. Qa7 Ra8 31. Qb6 Rab8 32. Qa5 Qd6 33. Nf4 Red8 34. Ne2 b4 35. cxb4 Rxb4 36. Nc3 Rbb8 37. Qxa6 Qxa6 38. Bxa6 Nc5 39. Bf1 d4 40. Rf3 dxc3 0-1

[Event "Open"]
[Site "Geneve"]
[Date "2004.01.30"]
[Round "7"]
[White "Almasi, Zoltan"]
[Black "Gleizerov, Evgeny"]
[Result "1/2-1/2"]
[WhiteElo "2631"]
[BlackElo "2574"]
[PlyCount "32"]
[EventDate "2004.??.??"]
[Source "Roberto Alvarez"]
[SourceDate "2004.02.23"]

1. e4 e6 2. d4 d5 3. Nc3 Nf6 4. Bg5 Be7 5. e5 Nfd7 6. Bxe7 Qxe7 7. f4 O-O 8. Nf3 c5 9. dxc5 Nc6 10. Qd2 Nxc5 11. O-O-O a6 12. Bd3 b5 13. Qe3 Nxd3+ 14. cxd3 Bb7 15. Ne2 d4 16. Nexd4 Nb4 1/2-1/2

[Event "Open"]
[Site "Geneve"]
[Date "2004.01.29"]
[Round "6"]
[White "Almasi, Zoltan"]
[Black "Ulibin, Mikhail"]
[Result "1-0"]
[WhiteElo "2631"]
[BlackElo "2570"]
[PlyCount "89"]
[EventDate "2004.??.??"]
[Source "Roberto Alvarez"]
[SourceDate "2004.02.23"]

1. e4 e6 2. d4 d5 3. Nc3 Nf6 4. Bg5 Be7 5. e5 Nfd7 6. Bxe7 Qxe7 7. f4 a6 8. Qd2 c5 9. dxc5 Nc6 10. Nf3 Nxc5 11. Bd3 O-O 12. O-O Bd7 13. Rae1 f5 14. exf6 Qxf6 15. g3 Rae8 16. a3 Bc8 17. b4 Nd7 18. b5 axb5 19. Nxb5 Nc5 20. Qe3 Nxd3 21. Qxd3 Rd8 22. Ng5 Qf5 23. Qxf5 exf5 24. Nf3 h6 25. Kf2 Rf6 26. Re3 Kf8 27. Rd1 Be6 28. Nbd4 Bc8 29. Nb5 g6 30. Red3 Ne7 31. c4 Rb6 32. Ne5 Bd7 33. Nc7 Ba4 34. R1d2 Rc8 35. Nxd5 Nxd5 36. Rxd5 Be8 37. Rd6 Rxd6 38. Rxd6 Kg7 39. Rb6 Rc7 40. Ke3 g5 41. Kd4 Re7 42. Kd5 g4 43. Re6 Bc6+ 44. Nxc6 bxc6+ 45. Kd6 1-0

[Event "Evora"]
[Site "?"]
[Date "2006.07.27"]
[Round "6"]
[White "Spraggett Kevin"]
[Black "Riazantsev Alexander"]
[Result "1-0"]
[WhiteElo "2577"]
[BlackElo "2622"]
[PlyCount "69"]
[EventDate "2006.??.??"]
[Source "www.chesslib.no"]
[SourceDate "2004.05.04"]

1. e4 e6 2. d4 d5 3. Nc3 Nf6 4. Bg5 Be7 5. e5 Nfd7 6. Bxe7 Qxe7 7. f4 O-O 8. Nf3 c5 9. Qd2 Nc6 10. dxc5 Qxc5 11. O-O-O Nb6 12. Nd4 Bd7 13. h4 Na5 14. b3 a6 15. Rh3 Rfc8 16. Kb1 Rc7 17. h5 Rac8 18. h6 g6 19. Nce2 Nc6 20. g4 Nb4 21. c3 Nc6 22. Bg2 a5 23. f5 Nxe5 24. fxe6 Bxe6 25. Nxe6 fxe6 26. Nd4 Re7 27. Re1 Qd6 28. Qf4 Nbd7 29. Rhe3 Rf8 30. Qg3 Ref7 31. g5 Rf2 32. Bh3 Rd2 33. Bxe6+ Kh8 34. Bxd7 Rff2 35. Qxe5+ 1-0

[Event "Europa ch 2008"]
[Site "Plovdiv BUL"]
[Date "2008.04.30"]
[Round "9.50"]
[White "Vuckovic, Bojan"]
[Black "Riazantsev, Alexander"]
[Result "1/2-1/2"]
[WhiteElo "2556"]
[BlackElo "2638"]
[PlyCount "155"]
[EventDate "2008.04.21"]
[Source "www.chesslib.no"]
[SourceDate "2004.05.04"]

1. e4 e6 2. d4 d5 3. Nc3 Nf6 4. Bg5 Be7 5. e5 Nfd7 6. Bxe7 Qxe7 7. f4 O-O 8. Nf3 c5 9. Qd2 Nc6 10. dxc5 Qxc5 11. O-O-O Nb6 12. Bd3 Bd7 13. Kb1 Rac8 14. Nb5 f6 15. exf6 Rxf6 16. Nbd4 Na4 17. Nb3 Qb6 18. Rhe1 Nc5 19. Nxc5 Qxc5 20. Ne5 Nxe5 21. Rxe5 Rc6 22. c4 g6 23. cxd5 exd5 24. Be4 Be6 25. Bxd5 Bxd5 26. Rxd5 Qc4 27. Rd4 Qe6 28. Rd8+ Kg7 29. Rd7+ Rf7 30. Qd4+ Kh6 31. Rxf7 Qxf7 32. g4 Rc4 33. Qxa7 Qxf4 34. Qxb7 Qxg4 35. Qd5 g5 36. a3 Rf4 37. Qc6+ Kh5 38. Rd6 Qf5+ 39. Ka2 Qf8 40. Qd5 Kh4 41. Qe6 Kh5 42. Rd7 Qh8 43. Qh3+ Kg6 44. Qd3+ Kh6 45. Rd6+ Rf6 46. Qd4 Qg8+ 47. b3 Rxd6 48. Qxd6+ Kh5 49. a4 Qc8 50. Qd2 Qc5 51. a5 Qb5 52. Ka3 Qe5 53. b4 Qa1+ 54. Kb3 Qb1+ 55. Qb2 Qd3+ 56. Qc3 Qb1+ 57. Ka3 Qf1 58. Qc2 h6 59. Ka4 Qa1+ 60. Kb3 Qf1 61. Kb2 Qf6+ 62. Ka2 Qf1 63. Qd2 Qf7+ 64. Ka3 Qf3+ 65. Ka4 Qf6 66. Kb3 Qf3+ 67. Qc3 Qd1+ 68. Ka3 Qf1 69. Qe5 Qf3+ 70. Ka4 Qc6+ 71. Kb3 Qf3+ 72. Kc4 Qc6+ 73. Kd4 Qd7+ 74. Kc5 Qc8+ 75. Kb6 Qd8+ 76. Qc7 Qd4+ 77. Ka6 Qxb4 78. Qf7+ 1/2-1/2

[Event "Kallithea 86/298"]
[Site "?"]
[Date "2002.??.??"]
[Round "?"]
[White "Efimenko, Z."]
[Black "Volkov, S."]
[Result "1-0"]
[WhiteElo "2557"]
[BlackElo "2636"]
[PlyCount "119"]
[EventDate "2002.??.??"]
[Source "Chess Informant"]
[SourceDate "2002.10.01"]

1. e4 e6 2. d4 d5 3. Nc3 Nf6 4. Bg5 Be7 5. e5 Nfd7 6. Bxe7 Qxe7 7. f4 O-O 8. Nf3 c5 9. Qd2 Nc6 10. dxc5 f5 11. exf6 Qxf6 12. g3 Nxc5 13. O-O-O Rd8 14. Bg2 Bd7 15. Rhe1 Be8 16. Qf2 b6 17. Ng5 Rac8 18. Qe2 Bf7 19. Kb1 a6 20. a3 Rc7 21. Nxf7 Rxf7 22. Nxd5 exd5 23. Bxd5 Rxd5 24. Rxd5 h6 25. Red1 Na4 26. c3 b5 27. Rd6 Qf5+ 28. Qc2 Qxc2+ 29. Kxc2 Rc7 30. Rd7 Rc8 31. Rb7 Na5 32. Ra7 Nc5 33. Re7 Nc6 34. Re3 Kf7 35. b4 Na4 36. Rd7+ Kf8 37. Rd6 Rc7 38. Kb3 Kf7 39. f5 h5 40. c4 Kf8 41. Ree6 Na5+ 42. bxa5 Nc5+ 43. Kb2 Nxe6 44. fxe6 bxc4 45. Rxa6 c3+ 46. Kc2 Ke7 47. Rb6 Rc5 48. a6 g5 49. a7 Ra5 50. Rb7+ Kxe6 51. Kxc3 Rxa3+ 52. Kb4 Ra2 53. Kc5 Kf5 54. Kb6 Kg4 55. Rg7 h4 56. gxh4 Kxh4 57. Kb7 Rb2+ 58. Kc8 Ra2 59. Kb8 Rb2+ 60. Rb7 1-0

[Event "Geneve"]
[Site "?"]
[Date "2004.??.??"]
[Round "?"]
[White "Alekseev, Evgeny"]
[Black "Gleizerov, E."]
[Result "1/2-1/2"]
[WhiteElo "2605"]
[BlackElo "2585"]
[PlyCount "50"]
[EventDate "2004.??.??"]
[Source "Chess Informant"]
[SourceDate "2004.02.01"]

1. e4 e6 2. d4 d5 3. Nc3 Nf6 4. Bg5 Be7 5. e5 Nfd7 6. Bxe7 Qxe7 7. f4 O-O 8. Nf3 c5 9. Qd2 Nc6 10. dxc5 Nxc5 11. O-O-O a6 12. Bd3 b5 13. Qf2 f5 14. exf6 Rxf6 15. Qe3 b4 16. Ne2 a5 17. Bb5 Bd7 18. Rhe1 a4 19. Bxc6 Bxc6 20. Ned4 Bd7 21. f5 a3 22. b3 Ne4 23. fxe6 Bxe6 24. Ng5 Bg4 25. Nxe4 dxe4 1/2-1/2

[Event "5th Open"]
[Site "Dubai"]
[Date "2003.04.25"]
[Round "6"]
[White "Alekseev, Evgeny"]
[Black "Gleizerov, Evgeny"]
[Result "1-0"]
[WhiteElo "2607"]
[BlackElo "2574"]
[PlyCount "63"]
[EventDate "2003.04.21"]
[Source "Roberto Alvarez"]
[SourceDate "2003.05.05"]

1. e4 e6 2. d4 d5 3. Nc3 Nf6 4. Bg5 Be7 5. e5 Nfd7 6. Bxe7 Qxe7 7. f4 O-O 8. Nf3 c5 9. dxc5 Nc6 10. Qd2 Nxc5 11. O-O-O a6 12. Bd3 b5 13. Qf2 f5 14. exf6 Nxd3+ 15. Rxd3 Qxf6 16. g3 b4 17. Na4 e5 18. Nb6 Bf5 19. Rd2 Rae8 20. Nxd5 Qh6 21. Re1 Bg4 22. h4 Qh5 23. Nh2 Rc8 24. Qb6 Kh8 25. fxe5 Nxe5 26. Nf4 Qf5 27. Nxg4 Qxg4 28. Rxe5 Qxg3 29. Nd3 Rf1+ 30. Rd1 Qg2 31. Qc5 Rff8 32. Rf5 1-0

[Event "Russia"]
[Site "?"]
[Date "1992.??.??"]
[Round "?"]
[White "Dolmatov, S."]
[Black "Ulibin, M."]
[Result "1-0"]
[WhiteElo "2610"]
[BlackElo "2570"]
[PlyCount "85"]
[EventDate "1992.??.??"]
[Source "ChessBase"]
[SourceDate "1992.10.01"]

1. e4 e6 2. d4 d5 3. Nc3 Nf6 4. Bg5 Be7 5. e5 Nfd7 6. Bxe7 Qxe7 7. f4 a6 8. Nf3 b6 9. Qd2 c5 10. Nd1 cxd4 11. Nxd4 O-O 12. Ne3 f6 13. exf6 Nxf6 14. Bd3 Nbd7 15. O-O-O Nc5 16. Rhf1 Bd7 17. Kb1 b5 18. g4 Qd6 19. Qe1 Rae8 20. Qh4 Nfe4 21. Nb3 Bc6 22. g5 e5 23. fxe5 Rxe5 24. Rxf8+ Qxf8 25. Rf1 Qe7 26. Nf5 Qa7 27. Qf4 Re8 28. Nfd4 Nxb3 29. axb3 Ba8 30. Ne6 Qe7 31. Nc7 Rc8 32. Nxa8 Rxa8 33. h4 Rf8 34. Qxf8+ Qxf8 35. Rxf8+ Kxf8 36. Bxe4 dxe4 37. Kc1 Ke7 38. Kd2 Ke6 39. Ke3 Ke5 40. b4 g6 41. b3 Kf5 42. c3 Ke5 43. c4 1-0

[Event "Corr"]
[Site "?"]
[Date "2001.11.01"]
[Round "?"]
[White "Sevecek Rudolf"]
[Black "Gaujens Artis (LAT)"]
[Result "1/2-1/2"]
[WhiteElo "2607"]
[BlackElo "2562"]
[PlyCount "57"]
[EventDate "2001.??.??"]
[Source "www.chesslib.no"]
[SourceDate "2004.05.04"]

1. e4 e6 2. d4 d5 3. Nc3 Nf6 4. Bg5 Be7 5. e5 Nfd7 6. Bxe7 Qxe7 7. f4 O-O 8. Nf3 c5 9. Qd2 Nc6 10. O-O-O Nb6 11. dxc5 Qxc5 12. Kb1 Bd7 13. Bd3 Rac8 14. Qe2 h6 15. Nb5 Nb4 16. Nd6 Rc7 17. a3 Nxd3 18. cxd3 Nc8 19. Rc1 Qb6 20. Rxc7 Qxc7 21. Rc1 Qb6 22. Nxc8 Rxc8 23. Rxc8+ Bxc8 24. Kc1 Bd7 25. Qc2 a5 26. Qc3 Qf2 27. Qd2 Qf1+ 28. Kc2 b6 29. Kc3 1/2-1/2

[Event "57th ch-RUS Qualifier"]
[Site "St Petersburg"]
[Date "2004.05.30"]
[Round "9"]
[White "Kurnosov, Igor"]
[Black "Gleizerov, Evgeny"]
[Result "1-0"]
[WhiteElo "2543"]
[BlackElo "2592"]
[PlyCount "63"]
[EventDate "2004.05.01"]
[Source "Roberto Alvarez"]
[SourceDate "2004.05.31"]

1. e4 e6 2. d4 d5 3. Nc3 Nf6 4. Bg5 Be7 5. e5 Nfd7 6. Bxe7 Qxe7 7. f4 O-O 8. Nf3 c5 9. Qd2 Nc6 10. dxc5 Nxc5 11. O-O-O a6 12. Qe3 b5 13. Kb1 b4 14. Ne2 Bb7 15. Ng3 f5 16. exf6 Rxf6 17. Bd3 a5 18. Rhe1 a4 19. Nh5 Rh6 20. g4 b3 21. a3 Nxd3 22. cxd3 d4 23. Qe2 Qd7 24. Rc1 Ba6 25. Rc5 Ne7 26. Ne5 Qe8 27. Rc7 Rf6 28. Qe4 Rf8 29. Nc6 Nf5 30. Nb4 Bb5 31. gxf5 Qxh5 32. Qe5 1-0

[Event "Altensteig"]
[Site "Altensteig"]
[Date "1994.??.??"]
[Round "11"]
[White "Almasi, Zoltan"]
[Black "Vogt, Lothar"]
[Result "1/2-1/2"]
[WhiteElo "2620"]
[BlackElo "2515"]
[PlyCount "21"]
[EventDate "1994.08.??"]
[Source "ChessBase"]

1. e4 e6 2. d4 d5 3. Nc3 Nf6 4. Bg5 Be7 5. e5 Nfd7 6. Bxe7 Qxe7 7. f4 O-O 8. Nf3 c5 9. Qd2 Nc6 10. dxc5 Qxc5 11. O-O-O 1/2-1/2

[Event "Goodricke 13th op"]
[Site "Calcutta"]
[Date "2002.03.20"]
[Round "4"]
[White "Goloshchapov, Alexander"]
[Black "Gleizerov, Evgeny"]
[Result "1/2-1/2"]
[WhiteElo "2545"]
[BlackElo "2587"]
[PlyCount "47"]
[EventDate "2002.03.17"]
[Source "ChessBase"]
[SourceDate "2002.03.21"]

1. e4 e6 2. d4 d5 3. Nc3 Nf6 4. Bg5 Be7 5. e5 Nfd7 6. Bxe7 Qxe7 7. f4 a6 8. Nf3 b6 9. Qd2 c5 10. Nd1 Nc6 11. c3 f5 12. Ne3 Bb7 13. Bd3 g6 14. g4 cxd4 15. cxd4 fxg4 16. Nxg4 Qb4 17. Ne3 O-O 18. Ng2 a5 19. Qxb4 Nxb4 20. Bb1 Rfc8 21. Kd2 a4 22. h4 a3 23. b3 Rc7 24. Rc1 1/2-1/2

[Event "It (open)"]
[Site "?"]
[Date "2005.07.29"]
[Round "11"]
[White "Tseshkovsky Vitaly"]
[Black "Ulibin Mikhail"]
[Result "1/2-1/2"]
[WhiteElo "2599"]
[BlackElo "2529"]
[PlyCount "32"]
[EventDate "2005.??.??"]
[Source "www.chesslib.no"]
[SourceDate "2004.05.04"]

1. e4 e6 2. d4 d5 3. Nc3 Nf6 4. Bg5 Be7 5. e5 Nfd7 6. Bxe7 Qxe7 7. f4 a6 8. Qd2 b6 9. Nd1 c5 10. c3 Nc6 11. Nf3 f5 12. c4 cxd4 13. cxd5 exd5 14. Rc1 Nc5 15. Nxd4 Nxd4 16. Qxd4 O-O 1/2-1/2

[Event "It (Open) Abudhabi UAE"]
[Site "?"]
[Date "2005.??.??"]
[Round "9"]
[White "Ganguly Surya Shekhar"]
[Black "Ulibin Mikhail"]
[Result "1-0"]
[WhiteElo "2596"]
[BlackElo "2529"]
[PlyCount "109"]
[EventDate "2005.??.??"]
[Source "www.chesslib.no"]
[SourceDate "2004.05.04"]

1. e4 e6 2. d4 d5 3. Nc3 Nf6 4. Bg5 Be7 5. e5 Nfd7 6. Bxe7 Qxe7 7. f4 O-O 8. Nf3 c5 9. dxc5 Nc6 10. Bd3 f5 11. exf6 Qxf6 12. g3 Nxc5 13. O-O Bd7 14. Qd2 Nxd3 15. cxd3 e5 16. Rae1 exf4 17. Nxd5 Qd6 18. Nxf4 Bg4 19. Qe3 Rad8 20. a3 h6 21. h4 Rd7 22. Qe4 Qc5+ 23. Qe3 Qd6 24. h5 Re7 25. Qf2 Ref7 26. Re3 Rxf4 27. gxf4 Rxf4 28. Qg3 Bxh5 29. Ne5 Rd4 30. Rf5 Nxe5 31. Qxe5 Bg6 32. Qxd6 Rxd6 33. Rff3 Rd7 34. Kf2 Bf7 35. Re5 g5 36. Ke3 Kg7 37. Rf2 a6 38. d4 Kg6 39. Ke4 Kg7 40. d5 g4 41. Rd2 Kf6 42. Kf4 h5 43. Rf5+ Ke7 44. Ke5 Kd8 45. d6 Be8 46. Rf8 Rf7 47. Rxf7 Bxf7 48. d7 Bb3 49. Kd6 Ba4 50. Rh2 Bxd7 51. Rxh5 Be8 52. Rh8 g3 53. Rg8 g2 54. Rxg2 Bf7 55. Rh2 1-0

[Event "Basel 84/237"]
[Site "?"]
[Date "2002.??.??"]
[Round "?"]
[White "Kovacevic, A."]
[Black "Tukmakov, V."]
[Result "0-1"]
[WhiteElo "2549"]
[BlackElo "2572"]
[PlyCount "64"]
[EventDate "2002.??.??"]
[Source "Chess Informant"]
[SourceDate "2002.02.01"]

1. e4 e6 2. d4 d5 3. Nc3 Nf6 4. Bg5 Be7 5. e5 Nfd7 6. Bxe7 Qxe7 7. f4 a6 8. Nf3 c5 9. dxc5 Nc6 10. Qd2 Qxc5 11. O-O-O b5 12. Ne2 b4 13. Ned4 Nxd4 14. Nxd4 O-O 15. Bd3 a5 16. Nf3 Ba6 17. f5 Bxd3 18. Qxd3 Qe7 19. Rhf1 Rac8 20. Qe3 exf5 21. Rxd5 Qe6 22. Qd4 Nb6 23. Rxa5 Rfd8 24. Qf2 Nc4 25. Rc5 Ra8 26. b3 Qa6 27. a4 bxa3 28. Kb1 a2+ 29. Ka1 Ne3 30. Rc1 f4 31. Qe1 Qa3 32. g3 Qxc5 0-1

[Event "Sochi"]
[Site "Sochi RUS"]
[Date "1988.??.??"]
[Round "?"]
[White "Dolmatov, Sergey V"]
[Black "Psakhis, Lev B"]
[Result "1/2-1/2"]
[WhiteElo "2565"]
[BlackElo "2550"]
[PlyCount "41"]
[EventDate "1988.09.??"]
[Source "www.chesslib.no"]
[SourceDate "2004.05.04"]

1. e4 e6 2. d4 d5 3. Nc3 Nf6 4. Bg5 Be7 5. e5 Nfd7 6. Bxe7 Qxe7 7. f4 O-O 8. Nf3 c5 9. dxc5 Nc6 10. Bd3 f6 11. exf6 Qxf6 12. g3 Nxc5 13. O-O Bd7 14. Qd2 Nxd3 15. cxd3 e5 16. Nxe5 Nxe5 17. fxe5 Qxe5 18. d4 Qh5 19. Rxf8+ Rxf8 20. Rf1 Rxf1+ 21. Kxf1 1/2-1/2

[Event "Haninge"]
[Site "?"]
[Date "1988.??.??"]
[Round "?"]
[White "Wedberg, T."]
[Black "Kortchnoi, V."]
[Result "1-0"]
[WhiteElo "2475"]
[BlackElo "2640"]
[PlyCount "69"]
[EventDate "1988.??.??"]
[Source "ChessBase"]
[SourceDate "1988.01.01"]

1. e4 e6 2. d4 d5 3. Nc3 Nf6 4. Bg5 Be7 5. e5 Nfd7 6. Bxe7 Qxe7 7. f4 O-O 8. Nf3 c5 9. Qd2 Nc6 10. dxc5 Qxc5 11. O-O-O Nb6 12. Nd4 Bd7 13. Kb1 Rac8 14. Be2 Nxd4 15. Qxd4 Qa5 16. Rhf1 Nc4 17. Rf3 b5 18. Bxc4 Rxc4 19. Qd2 b4 20. Ne2 Rfc8 21. Nd4 Qc7 22. Rd3 a5 23. Re1 a4 24. g4 h6 25. h4 Qa7 26. h5 Ra8 27. g5 hxg5 28. f5 exf5 29. Qxg5 Rxd4 30. Rg3 g6 31. hxg6 Rg4 32. Rxg4 fxg4 33. gxf7+ Kf8 34. Qh6+ Kxf7 35. Qf6+ 1-0

[Event "Horgen II"]
[Site "?"]
[Date "1995.??.??"]
[Round "?"]
[White "Almasi, Z."]
[Black "Zueger, B."]
[Result "1-0"]
[WhiteElo "2645"]
[BlackElo "2470"]
[PlyCount "159"]
[EventDate "1995.??.??"]
[Source "ChessBase"]
[SourceDate "1995.10.01"]

1. e4 e6 2. d4 d5 3. Nc3 Nf6 4. Bg5 Be7 5. e5 Nfd7 6. Bxe7 Qxe7 7. f4 O-O 8. Nf3 c5 9. Qd2 Nc6 10. dxc5 Qxc5 11. O-O-O Nb6 12. Kb1 Bd7 13. Bd3 Nb4 14. a3 a5 15. Rhf1 Rfc8 16. Qf2 Nxd3 17. cxd3 Na4 18. Nxa4 Bxa4 19. Qxc5 Rxc5 20. Rc1 b6 21. Nd4 Rac8 22. b3 Bd7 23. Kb2 Kf8 24. Rce1 Ke7 25. Re3 h5 26. Rh3 g6 27. Re3 R5c7 28. Re2 Rc3 29. Rd1 R3c7 30. g3 Rg8 31. Rf1 Rgc8 32. Rd2 Be8 33. Rc2 Rc5 34. Rfc1 Bd7 35. Rf1 Be8 36. Rff2 Bd7 37. Kc1 R8c7 38. Kd2 Rc8 39. Rf1 Ra8 40. Rfc1 Rac8 41. Nf3 Kd8 42. Ng5 Rxc2+ 43. Rxc2 Rxc2+ 44. Kxc2 Ke7 45. Kc3 Bb5 46. Nf3 Kd7 47. Ne1 Kc6 48. Nc2 Kc7 49. b4 Ba4 50. Nd4 Kd7 51. Nf3 Kc7 52. Ng5 Be8 53. Nh7 Ba4 54. Nf6 Bb5 55. bxa5 bxa5 56. f5 Kb6 57. fxg6 fxg6 58. Nh7 Be8 59. Nf8 Bf7 60. h4 Kb5 61. d4 Ka4 62. Kb2 Kb5 63. Kb3 Kb6 64. Nd7+ Kb5 65. Nc5 Kb6 66. Kc3 Kc6 67. Nd3 Kb5 68. Nb2 Kc6 69. Kd2 Kd7 70. Ke3 Ke7 71. Kf4 Be8 72. Kg5 Kf7 73. Nd3 Ba4 74. Nc5 Bc2 75. Nb7 a4 76. Kh6 Kf8 77. Nc5 Kf7 78. Kg5 Bb3 79. Kf4 Bd1 80. Ke3 1-0

[Event "6th Dubai Open"]
[Site "Dubai"]
[Date "2004.04.25"]
[Round "7.9"]
[White "Iuldachev, Saidali"]
[Black "Ulibin, Mikhail"]
[Result "0-1"]
[WhiteElo "2536"]
[BlackElo "2579"]
[PlyCount "104"]
[EventDate "2004.04.19"]
[Source "Roberto Alvarez"]
[SourceDate "2004.05.03"]

1. e4 e6 2. d4 d5 3. Nc3 Nf6 4. Bg5 Be7 5. e5 Nfd7 6. Bxe7 Qxe7 7. f4 O-O 8. Nf3 c5 9. Qd2 Nc6 10. g3 Nb6 11. O-O-O Bd7 12. dxc5 Qxc5 13. Kb1 Rfc8 14. Nb5 Nb4 15. c3 Nxa2 16. Nfd4 a6 17. Nd6 Qa5 18. Nxb7 Nxc3+ 19. Qxc3 Qxc3 20. bxc3 Na4 21. Kc2 Nxc3 22. Nd6 Ba4+ 23. Kd2 Nxd1 24. Nxc8 Rxc8 25. Bxa6 Ra8 26. Be2 Nf2 27. Rc1 Ne4+ 28. Ke3 Bd7 29. Bd3 Ra3 30. Rc7 Kf8 31. Nc2 Rc3 32. Rxc3 Nxc3 33. Kd4 Na4 34. Ne3 h6 35. g4 Ke7 36. Bc2 Nb6 37. Kc5 Nc8 38. f5 Na7 39. h4 Nc6 40. f6+ gxf6 41. exf6+ Kxf6 42. Kd6 Nb4 43. Bb1 Bb5 44. g5+ hxg5 45. hxg5+ Kxg5 46. Ke7 d4 47. Nd1 e5 48. Kxf7 Kf4 49. Ke6 e4 50. Bxe4 Kxe4 51. Nf2+ Kf3 52. Ke5 Nc6+ 0-1

[Event "56th ch-RUS"]
[Site "Krasnoyarsk"]
[Date "2003.09.08"]
[Round "5"]
[White "Inarkiev, Ernesto"]
[Black "Riazantsev, Alexander"]
[Result "1-0"]
[WhiteElo "2582"]
[BlackElo "2533"]
[PlyCount "65"]
[EventDate "2003.09.03"]
[Source "Roberto Alvarez"]
[SourceDate "2003.09.15"]

1. e4 e6 2. d4 d5 3. Nc3 Nf6 4. Bg5 Be7 5. e5 Nfd7 6. Bxe7 Qxe7 7. f4 O-O 8. Nf3 c5 9. dxc5 Nc6 10. Qd2 Nxc5 11. O-O-O f6 12. exf6 Qxf6 13. g3 Rd8 14. Qe1 Bd7 15. Qe3 b6 16. Bg2 Be8 17. Nd4 Nxd4 18. Rxd4 Rac8 19. Re1 b5 20. Bh3 b4 21. Nxd5 exd5 22. Bxc8 Rxc8 23. Rxd5 Na4 24. Qd4 Qc6 25. Qd2 Qf6 26. Qxb4 Qc6 27. Qd2 Qb6 28. Qd4 Qc7 29. Rxe8+ Rxe8 30. Rd7 Re1+ 31. Kd2 Re2+ 32. Kxe2 Qxc2+ 33. Kf3 1-0

[Event "Corr"]
[Site "?"]
[Date "2001.11.01"]
[Round "?"]
[White "Coleman Peter L.(ENG)"]
[Black "Gaujens Artis (LAT)"]
[Result "1/2-1/2"]
[WhiteElo "2550"]
[BlackElo "2562"]
[PlyCount "37"]
[EventDate "2001.??.??"]
[Source "www.chesslib.no"]
[SourceDate "2004.05.04"]

1. e4 e6 2. d4 d5 3. Nc3 Nf6 4. Bg5 Be7 5. e5 Nfd7 6. Bxe7 Qxe7 7. f4 O-O 8. Nf3 c5 9. Bd3 f6 10. dxc5 fxe5 11. fxe5 Nc6 12. Qe2 Nxc5 13. O-O Bd7 14. Qe3 Nxd3 15. cxd3 d4 16. Nxd4 Qc5 17. Nf5 Qxe5 18. Qxe5 Nxe5 19. Ne7+ 1/2-1/2